000 00776nam a2200253 a 4500
999 _c8840
_d8840
001 8840
003 BD-JhCC
005 20180304182010.0
008 180304s1986 bg b f001 0 eng d
035 _a(BD-JhCC)8840
040 _aLC
_cLC
_dBD-JhCC
041 _aeng
050 0 0 _aZ3186
_b.R33 1986
_aDS393.4
082 0 4 _a016.95492
_220
_bRAH 1986
100 1 _aRahim, Joyce L.
245 1 0 _aBangladesh, a select bibliography of English language periodical literature, 1971-1986 /
_cby Joyce L. Rahim and Enayetur Rahim.
260 _aDhaka :
_bAsiatic Society of Bangladesh,
_c1986.
300 _axxxvii, 368 p. ;
_c25 cm.
500 _aIncludes indexes.
651 0 _aBangladesh
_xBibliography.
700 1 _aRahim, Enayetur.
942 _2ddc
_cBK